Marco jurídico e institucional de la empresa comunitaria campesina y otros modelos de empresa social agraria

Đã lưu trong:
Chi tiết về thư mục
Tác giả chính: Oliart, Francisco
Định dạng: Texto
Được phát hành: San José :
Các nhãn: Thêm thẻ
Không có thẻ, Là người đầu tiên thẻ bản ghi này!

MARC

LEADER 00000 a a2200000 04500
001 15696
003
040 |a CRAI/IIS  |c CRAI/IIS 
090 |a 014400  
100 |a Oliart, Francisco  
245 |a Marco jurídico e institucional de la empresa comunitaria campesina y otros modelos de empresa social agraria  
260 |a San José :  
300 |a 3 p.  
999 |c 4433  |d 4433